Pokemon Type Insecte - Aléatoire - Statistiques

Statistiques générales
  • Ce quiz a été pris 15 fois
  • Le résultat moyen est 19 sur 25
Statistiques - réponses
Par images Réponse % Correct
Aéromite
100%
Anorith
100%
Apireine
100%
Apitrini
100%
Arakdo
100%
Arceus (Plaque Insecte)
100%
Armaldo
100%
Aspicot
100%
Beldeneige
100%
Blindalys
100%
Caratroc
100%
Chenipan
100%
Chenipotte
100%
Cheniti
100%
Chrysacier
100%
Cizayox
100%
Coxyclaque
100%
Crabaraque
100%
Crikzik
100%
Dardargnan
100%
Escargaume
100%
Fermite
100%
Foretress
100%
Frissonille
100%
Insécateur
100%
Lançargot
100%
Larveyette
100%
Lucanon
100%
Manternel
100%
Maskadra
100%
Méga-Dardargnan
100%
Mélokrik
100%
Mimigal
100%
Mouscoto
100%
Munja
100%
Papilusion
100%
Papinox
100%
Parasect
100%
Pyrax
100%
Rubombelle
100%
Scolocendre
100%
Sovkipou
100%
Venipatte
100%
Yanma
100%
Ninjask
86%
Rapion
86%
Coconfort
83%
Brutapode
80%
Cheniselle (Cape Sable)
80%
Crabicoque
80%
Mygavolt
80%
Pyronille
80%
Statitik
80%
Yanmega
80%
Armulys
75%
Bérasca
75%
Hachécateur
75%
Méga-Scarhino
75%
Mimitoss
75%
Paras
75%
Pomdepik
75%
Scarabrute
75%
Scarhino
75%
Tarenbulle
75%
Carabing
67%
Couverdure
67%
Gambex
67%
Lépidonille
67%
Lumivole
67%
Ningale
67%
Sarmuraï
67%
Astronelle
50%
Bombydou
50%
Cancrelove
50%
Charmillon
50%
Chrysapile
50%
Coxy
50%
Larvadar
50%
Larvibule
50%
Limaspeed
50%
Méga-Cizayox
50%
Méga-Scarabrute
50%
Migalos
50%
Muciole
50%
Prismillon
50%
Rampe-Ailes
50%
Scobolide
50%
Silvallié (ROM Insecte)
50%
Tissenboule
50%
Cheniselle (Cape Plante)
33%
Coléodôme
33%
Filentrappe
33%
Grillepattes
33%
Lilliterelle
25%
Pérégrain
25%
Léboulérou
17%
Araqua
0%
Cheniselle (Cape Déchet)
0%
Genesect
0%
Papilord
0%
Aucun quiz correspondant
Distribution des résultats
% des personnes avec chaque résultat
Percentile par nombre de réponses
Votre historique - résultats
Vous n’avez pas pris ce quiz